JetPunk Family Feud-Countries - Statistics

General Stats
  • This quiz has been taken 325 times
    277 since last reset
  • The average score is 33 of 48
Answer Stats
Hint Answer % Correct
Car Production United States
97%
Large Military United States
97%
Car Production Japan
96%
Island Countries Japan
96%
Wealthy Asian Countries Japan
96%
Large Military China
95%
Large Military Russia
94%
Coldest Russia
94%
Car Production Germany
88%
Neutral Countries Sweden
82%
Coldest Sweden
82%
Most Educated Sweden
82%
Car Production South Korea
81%
Wealthy Asian Countries South Korea
81%
Neutral Countries Norway
79%
Coldest Norway
79%
Most Educated Norway
79%
Smallest Vatican City
79%
Coldest Finland
77%
Most Educated Finland
77%
Island Countries Iceland
77%
Neutral Countries Iceland
77%
Coldest Iceland
77%
Most Educated Iceland
77%
Neutral Countries Switzerland
77%
Least Happy Iraq
73%
Source of Refugees Syria
72%
Least Happy Syria
72%
Car Production India
71%
Most Educated France
69%
Least Happy North Korea
67%
Wealthy Asian Countries Singapore
66%
Neutral Countries Denmark
62%
Source of Refugees Afghanistan
60%
Smallest San Marino
59%
Smallest Monaco
58%
Island Countries Madagascar
55%
Wealthy Asian Countries Saudi Arabia
54%
Smallest Liechtenstein
50%
Island Countries Cuba
49%
Wealthy Asian Countries United Arab Emirates
48%
Island Countries Taiwan
47%
Large Military Israel
44%
Source of Refugees Somalia
32%
Least Happy Somalia
32%
Smallest Nauru
21%
Source of Refugees South Sudan
19%
Source of Refugees Myanmar
17%
No matching quizzes found
Score Distribution
Percent of People with Each Score
Percentile by Number Answered
Your Score History
You have not taken this quiz since the last reset